000 00714nam a2200241 a 4500
001 000024316
003 DO-SdBNP
005 20260119081300.0
008 110126s2004 dr 001 0 spa d
040 _aDO-SdBNP
_bspa
_cBNPHU
082 4 _a158.1
_bA185u, 2004
_222
100 1 _aAcosta, Pedro
_9463
245 1 3 _aUn rayo de luz /
_cPedro Acosta.
250 _a2ª ed.
260 _aSanto Domingo :
_bBúho,
_c2004.
300 _a80 p. ;
_c15 cm.
590 _aInventariado, 2018/LP
650 7 _aAutorrealización (Psicología)
_9211
_2LIBRUNAM
650 4 _aAutoestima
_9212
_2LIBRUNAM
650 7 _aConducta de vida
_911947
_2LIBRUNAM
910 _aValidado. Control de calidad EMS
942 _2ddc
_cLBS1
999 _c23809
_d23809